000 01094nam a2200265Ia 4500
003 OSt
005 20200922134947.0
008 191128s1998 mx ad gr 000 0 spa d
020 _a9687529466
040 _aCO-JMCR
_cCO-JMCR
041 0 _aspa
082 0 4 _a515.7 /
_bB949a
_223
100 1 _aBurden, Richard L.,
_eautor
_910659
245 1 0 _aAnálisis numérico /
_cRichard L. Burden, J. Douglas Faires
250 _aSexta edición
260 _aMéxico :
_bInternational Thomson,
_c1998.
300 _axiii, 802 páginas :
_b ilustraciones, gráficos ;
_c25 cm.
505 0 _aPreliminares matemáticos -- Soluciones de ecuaciones de una variable -- Interpolación y aproximación polinomial -- Diferenciación e integración numérica -- Problemas de valor incial para ecuaciones diferenciales ordinarias -- Métodos directos para resolve
650 2 4 _aAnálisis numérico
_91818
650 2 4 _aEcuaciones diferenciales
_910660
650 2 4 _aSoluciones numéricas
_910661
650 2 4 _aEcuaciones lineales
_910651
700 1 _aFaires, J. Douglas,
_eautor
_910662
942 _2ddc
_cBK
999 _c3623
_d3623